| 000 | 00526nam a2200157 4500 | ||
|---|---|---|---|
| 999 |
_c6243 _d6243 |
||
| 008 | 170217b xxu||||| |||| 00| 0 eng d | ||
| 082 | _aDPer 910.5 T69 Jan-Aug 2015 v. 1-4 | ||
| 100 |
_918818 _aShroff, Kristine |
||
| 245 |
_aSoulful Saigon/ _cKristine Shroff and Sheen Shroff. |
||
| 260 |
_aPhilippines: _bOne Mega Group, _c©2015. |
||
| 300 |
_av2, pages 104-105: _billustrations; _c28 cm. |
||
| 500 | _aTravel Now. | ||
| 650 | 0 |
_918820 _aTourist trade _zSaigon |
|
| 700 |
_918819 _aShroff, Sheen _eAuthor |
||
| 942 |
_2ddc _cPER |
||